| 000 | 00601nam a2200217Ia 4500 | ||
|---|---|---|---|
| 008 | 180523s9999 xx 000 0 und d | ||
| 020 | _a0-07-113439-5 | ||
| 050 | _aMAIN HD 66 | ||
| 050 | _b.K38 1993 | ||
| 100 | _aKatzenbach, Jon R. | ||
| 245 | 4 | _aThe Wisdom of teams : | |
| 245 | 0 | _bcreating the high-performance organization / | |
| 245 | 0 | _cJon R. Katzenbach, Douglas K. Smith. | |
| 260 | _aNew York : | ||
| 260 | _bMcGraw-Hill, | ||
| 260 | _c1993 | ||
| 300 | _a291 pages : | ||
| 300 | _c23 cm. | ||
| 500 | _aIncludes bibliographical references and index. | ||
| 650 | _aWork groups. | ||
| 999 |
_c356955 _d356955 |
||